Cartas de Santa Teresa de Iesvs (Record no. 8428)

MARC details
000 -CABECERA
campo de control de longitud fija 01405nam a2200265 a 4500
001 - NÚMERO DE CONTROL
campo de control BRCA_8777
005 - FECHA Y HORA DE LA ÚLTIMA TRANSACCIÓN
campo de control 20190320210415.0
008 - DATOS DE LONGITUD FIJA--INFORMACIÓN GENERAL
campo de control de longitud fija 040417s1670----sp-#######---#000-0#spa-#
041 ## - CÓDIGO DE LENGUA
Código de lengua del texto/banda sonora o título independiente spa
044 ## - CÓDIGO DEL PAÍS DE LA ENTIDAD EDITORA/PRODUCTORA
Código MARC del país sp
084 ## - OTRO NÚMERO DE CLASIFICACIÓN
Número de clasificación BE144
Número de documento/Ítem .C37 1670
245 10 - MENCIÓN DE TÍTULO
Título Cartas de Santa Teresa de Iesvs
Resto del título madre y fundadora de la Reforma de la orden de nuestra Señora del Carmen, de la Primitiua Observancia
Mención de responsabilidad, etc. con notas del Padre Fray Pedro de la Anunciación, lector de teología de los Carmelitas Descalzos de Pamplona; recogidos por orden del Reverendísimo Padre Fray Diego de la Presentación, General que fue de los Carmelitas Descalzos de la Primitiva Observancia.
260 ## - PUBLICACIÓN, DISTRIBUCIÓN, ETC.
Lugar de publicación, distribución, etc. Madrid
Nombre del editor, distribuidor, etc. Po Bernardo de Villa-Diego, impresor de el Rey nuestro señor
Fecha de publicación, distribución, etc. 1670
300 ## - DESCRIPCIÓN FÍSICA
Extensión [8], [35], 433 p. (t.2)
Dimensiones 21 x 1 4 cm.
500 ## - NOTA GENERAL
Nota general Con privilegio
500 ## - NOTA GENERAL
Nota general En portada: dedicadas al serenissimo señor, el señor Don Iuan de Austria
500 ## - NOTA GENERAL
Nota general Estado físico: presenta encuadernación en pergamino, con cintas rotas, algunas hojas manchadas y presencia del pez de plata
600 14 - PUNTO DE ACCESO ADICIONAL DE MATERIA--NOMBRE DE PERSONA
Nombre de persona Teresa de Jesús, Santa
Fechas asociadas al nombre 1515 - 1582
Subdivisión de forma Correspondencia
9 (RLIN) 21872
700 1# - PUNTO DE ACCESO ADICIONAL--NOMBRE DE PERSONA
Nombre de persona Teresa de Jesús, Santa
Fechas asociadas al nombre 1515 - -1582
9 (RLIN) 21873
700 1# - PUNTO DE ACCESO ADICIONAL--NOMBRE DE PERSONA
Nombre de persona Anunciación, Pedro de la
Títulos y otros términos asociados al nombre Fray
9 (RLIN) 21874
700 1# - PUNTO DE ACCESO ADICIONAL--NOMBRE DE PERSONA
Nombre de persona Presentación, Diego de la
Títulos y otros términos asociados al nombre Fray
9 (RLIN) 21875
700 1# - PUNTO DE ACCESO ADICIONAL--NOMBRE DE PERSONA
Nombre de persona Villa-Diego, Bernardo de
Término indicativo de función/relación Impresor
9 (RLIN) 21876
902 ## - CATALOGADOR
Iniciales CFM
942 ## - ELEMENTOS DE PUNTO DE ACCESO ADICIONAL (KOHA)
Fuente del sistema de clasificación o colocación Library of Congress Classification
Tipo de ítem Koha Libros
Holdings
Estado de retiro Estado de pérdida Estado dañado No para préstamo Localización permanente Ubicación/localización actual Fecha de adquisición Total de préstamos Signatura topográfica completa Código de barras Fecha visto por última vez Precio válido a partir de Tipo de ítem Koha
El ejemplar forma parte de la colección y puede ser consultado según las políticas vigentes.       Biblioteca del Museo Franz Mayer (Rogerio Casas-Alatriste) Biblioteca del Museo Franz Mayer (Rogerio Casas-Alatriste) 04/04/2017   BE144 .C37 1670 CFM00103 22/03/2019 22/03/2019 Libros